|
|
|
|
| LEADER |
00729nam a22002172a 4500 |
| 001 |
000207375 |
| 003 |
CZ BrMZK |
| 005 |
20051011095340.0 |
| 007 |
ta |
| 008 |
950101s1959 xxu f 000 0 eng |
| 040 |
|
|
|a BOA001
|b cze
|
| 100 |
1 |
|
|a Dvorník, František,
|d 1893-1975
|7 jk01030002
|4 aut
|
| 245 |
1 |
4 |
|a The Slavs :
|b their early history and civilization /
|c Francis Dvornik
|
| 250 |
|
|
|a 2. print.
|
| 260 |
|
|
|a Boston :
|b American Academy of Arts and Science,
|c 1959
|
| 300 |
|
|
|a 394 s.
|
| 490 |
1 |
|
|a Survey of Slavic civilization ;
|v vol. 2
|
| 830 |
|
0 |
|a Survey of Slavic civilization
|
| 910 |
|
|
|a BOA001
|b 2-0959.943
|
| 990 |
|
|
|a BK
|
| 996 |
6 |
|
|b 2619912280
|c 2-0959.943
|l MZK
|r Sklad / do 1 hodiny
|n 10
|w 000207375
|u 000010
|a 1
|e BOA001
|j MZK50
|s P
|